<?xml version="1.0" encoding="UTF-8"?>
<record
    xmlns:xsi="http://www.w3.org/2001/XMLSchema-instance"
    xsi:schemaLocation="http://www.loc.gov/MARC21/slim http://www.loc.gov/standards/marcxml/schema/MARC21slim.xsd"
    xmlns="http://www.loc.gov/MARC21/slim">

  <leader>00844cam a2200265 i 4500</leader>
  <controlfield tag="001">TB12569</controlfield>
  <controlfield tag="003">IN-BhIIT</controlfield>
  <controlfield tag="005">20260530110949.0</controlfield>
  <controlfield tag="008">130511s2013    ne a     b    001 0 eng  </controlfield>
  <datafield tag="020" ind1=" " ind2=" ">
    <subfield code="a">9789382291527 (pbk.)</subfield>
  </datafield>
  <datafield tag="040" ind1=" " ind2=" ">
    <subfield code="a">IN-BhIIT</subfield>
  </datafield>
  <datafield tag="041" ind1=" " ind2=" ">
    <subfield code="a">eng</subfield>
  </datafield>
  <datafield tag="082" ind1="0" ind2="0">
    <subfield code="a">621.381</subfield>
    <subfield code="b">HAR/D</subfield>
  </datafield>
  <datafield tag="100" ind1="1" ind2=" ">
    <subfield code="a">Harris, David Money.</subfield>
    <subfield code="e">Author</subfield>
    <subfield code="9">25024</subfield>
  </datafield>
  <datafield tag="245" ind1="1" ind2="0">
    <subfield code="a">Digital design and computer architecture /</subfield>
    <subfield code="c">David Money Harris and Sarah L. Harris.</subfield>
  </datafield>
  <datafield tag="250" ind1=" " ind2=" ">
    <subfield code="a">2nd ed.</subfield>
  </datafield>
  <datafield tag="260" ind1=" " ind2=" ">
    <subfield code="a">Amsterdam :</subfield>
    <subfield code="b">Morgan Kaufmann,</subfield>
    <subfield code="c">2019.</subfield>
  </datafield>
  <datafield tag="300" ind1=" " ind2=" ">
    <subfield code="a">xxiv, 690 pages :</subfield>
    <subfield code="b">illustrations ;</subfield>
    <subfield code="c">24 cm</subfield>
  </datafield>
  <datafield tag="504" ind1=" " ind2=" ">
    <subfield code="a">Includes bibliographical references and index.</subfield>
  </datafield>
  <datafield tag="650" ind1=" " ind2="0">
    <subfield code="a">Digital electronics.</subfield>
    <subfield code="9">26602</subfield>
  </datafield>
  <datafield tag="650" ind1=" " ind2="0">
    <subfield code="a">Logic design.</subfield>
    <subfield code="9">4965</subfield>
  </datafield>
  <datafield tag="650" ind1=" " ind2="0">
    <subfield code="a">Computer architecture.</subfield>
    <subfield code="9">26984</subfield>
  </datafield>
  <datafield tag="700" ind1="1" ind2=" ">
    <subfield code="a">Harris, Sarah L.</subfield>
    <subfield code="e">Joint author</subfield>
    <subfield code="9">25023</subfield>
  </datafield>
  <datafield tag="942" ind1=" " ind2=" ">
    <subfield code="c">TB</subfield>
    <subfield code="0">19</subfield>
  </datafield>
  <datafield tag="999" ind1=" " ind2=" ">
    <subfield code="c">15094</subfield>
    <subfield code="d">15094</subfield>
  </datafield>
  <datafield tag="952" ind1=" " ind2=" ">
    <subfield code="0">0</subfield>
    <subfield code="1">0</subfield>
    <subfield code="2">ddc</subfield>
    <subfield code="4">0</subfield>
    <subfield code="7">0</subfield>
    <subfield code="8">SES</subfield>
    <subfield code="a">CLIITBBS</subfield>
    <subfield code="b">CLIITBBS</subfield>
    <subfield code="d">2025-07-30</subfield>
    <subfield code="e">53</subfield>
    <subfield code="g">525.00</subfield>
    <subfield code="l">2</subfield>
    <subfield code="m">2</subfield>
    <subfield code="o">621.381 HAR/D</subfield>
    <subfield code="p">TB12575</subfield>
    <subfield code="r">2026-05-08 17:41:39</subfield>
    <subfield code="s">2026-04-10</subfield>
    <subfield code="v">700.00</subfield>
    <subfield code="w">2025-07-30</subfield>
    <subfield code="y">TB</subfield>
  </datafield>
  <datafield tag="952" ind1=" " ind2=" ">
    <subfield code="0">0</subfield>
    <subfield code="1">0</subfield>
    <subfield code="2">ddc</subfield>
    <subfield code="4">0</subfield>
    <subfield code="7">0</subfield>
    <subfield code="8">SES</subfield>
    <subfield code="a">CLIITBBS</subfield>
    <subfield code="b">CLIITBBS</subfield>
    <subfield code="d">2025-07-30</subfield>
    <subfield code="e">53</subfield>
    <subfield code="g">525.00</subfield>
    <subfield code="l">3</subfield>
    <subfield code="m">1</subfield>
    <subfield code="o">621.381 HAR/D</subfield>
    <subfield code="p">TB12570</subfield>
    <subfield code="q">2026-07-17</subfield>
    <subfield code="r">2026-03-12 11:37:36</subfield>
    <subfield code="s">2026-03-12</subfield>
    <subfield code="v">700.00</subfield>
    <subfield code="w">2025-07-30</subfield>
    <subfield code="y">TB</subfield>
  </datafield>
  <datafield tag="952" ind1=" " ind2=" ">
    <subfield code="0">0</subfield>
    <subfield code="1">0</subfield>
    <subfield code="2">ddc</subfield>
    <subfield code="4">0</subfield>
    <subfield code="7">0</subfield>
    <subfield code="8">SES</subfield>
    <subfield code="a">CLIITBBS</subfield>
    <subfield code="b">CLIITBBS</subfield>
    <subfield code="d">2025-07-30</subfield>
    <subfield code="e">53</subfield>
    <subfield code="g">525.00</subfield>
    <subfield code="l">2</subfield>
    <subfield code="m">1</subfield>
    <subfield code="o">621.381 HAR/D</subfield>
    <subfield code="p">TB12572</subfield>
    <subfield code="q">2026-06-30</subfield>
    <subfield code="r">2026-05-30 11:09:49</subfield>
    <subfield code="s">2026-05-30</subfield>
    <subfield code="v">700.00</subfield>
    <subfield code="w">2025-07-30</subfield>
    <subfield code="y">TB</subfield>
  </datafield>
  <datafield tag="952" ind1=" " ind2=" ">
    <subfield code="0">0</subfield>
    <subfield code="1">0</subfield>
    <subfield code="2">ddc</subfield>
    <subfield code="4">0</subfield>
    <subfield code="7">0</subfield>
    <subfield code="8">SES</subfield>
    <subfield code="a">CLIITBBS</subfield>
    <subfield code="b">CLIITBBS</subfield>
    <subfield code="d">2025-07-30</subfield>
    <subfield code="e">53</subfield>
    <subfield code="g">525.00</subfield>
    <subfield code="l">3</subfield>
    <subfield code="m">1</subfield>
    <subfield code="o">621.381 HAR/D</subfield>
    <subfield code="p">TB12571</subfield>
    <subfield code="q">2026-06-24</subfield>
    <subfield code="r">2026-04-23 13:12:50</subfield>
    <subfield code="s">2026-04-23</subfield>
    <subfield code="v">700.00</subfield>
    <subfield code="w">2025-07-30</subfield>
    <subfield code="y">TB</subfield>
  </datafield>
  <datafield tag="952" ind1=" " ind2=" ">
    <subfield code="0">0</subfield>
    <subfield code="1">0</subfield>
    <subfield code="2">ddc</subfield>
    <subfield code="4">0</subfield>
    <subfield code="7">0</subfield>
    <subfield code="8">SES</subfield>
    <subfield code="a">CLIITBBS</subfield>
    <subfield code="b">CLIITBBS</subfield>
    <subfield code="d">2025-07-30</subfield>
    <subfield code="e">53</subfield>
    <subfield code="g">525.00</subfield>
    <subfield code="l">2</subfield>
    <subfield code="m">4</subfield>
    <subfield code="o">621.381 HAR/D</subfield>
    <subfield code="p">TB12574</subfield>
    <subfield code="q">2026-06-19</subfield>
    <subfield code="r">2026-03-16 19:01:21</subfield>
    <subfield code="s">2026-03-16</subfield>
    <subfield code="v">700.00</subfield>
    <subfield code="w">2025-07-30</subfield>
    <subfield code="y">TB</subfield>
  </datafield>
  <datafield tag="952" ind1=" " ind2=" ">
    <subfield code="0">0</subfield>
    <subfield code="1">0</subfield>
    <subfield code="2">ddc</subfield>
    <subfield code="4">0</subfield>
    <subfield code="7">0</subfield>
    <subfield code="8">SES</subfield>
    <subfield code="a">CLIITBBS</subfield>
    <subfield code="b">CLIITBBS</subfield>
    <subfield code="d">2025-07-30</subfield>
    <subfield code="e">53</subfield>
    <subfield code="g">525.00</subfield>
    <subfield code="l">0</subfield>
    <subfield code="o">621.381 HAR/D</subfield>
    <subfield code="p">TB12569</subfield>
    <subfield code="r">2025-07-30 00:00:00</subfield>
    <subfield code="v">700.00</subfield>
    <subfield code="w">2025-07-30</subfield>
    <subfield code="y">RES</subfield>
  </datafield>
  <datafield tag="952" ind1=" " ind2=" ">
    <subfield code="0">0</subfield>
    <subfield code="1">0</subfield>
    <subfield code="2">ddc</subfield>
    <subfield code="4">0</subfield>
    <subfield code="7">0</subfield>
    <subfield code="8">SES</subfield>
    <subfield code="a">CLIITBBS</subfield>
    <subfield code="b">CLIITBBS</subfield>
    <subfield code="d">2025-07-30</subfield>
    <subfield code="e">53</subfield>
    <subfield code="g">525.00</subfield>
    <subfield code="l">1</subfield>
    <subfield code="m">2</subfield>
    <subfield code="o">621.381 HAR/D</subfield>
    <subfield code="p">TB12577</subfield>
    <subfield code="r">2026-05-09 09:57:58</subfield>
    <subfield code="s">2026-02-14</subfield>
    <subfield code="v">700.00</subfield>
    <subfield code="w">2025-07-30</subfield>
    <subfield code="y">TB</subfield>
  </datafield>
  <datafield tag="952" ind1=" " ind2=" ">
    <subfield code="0">0</subfield>
    <subfield code="1">0</subfield>
    <subfield code="2">ddc</subfield>
    <subfield code="4">0</subfield>
    <subfield code="7">0</subfield>
    <subfield code="8">SES</subfield>
    <subfield code="a">CLIITBBS</subfield>
    <subfield code="b">CLIITBBS</subfield>
    <subfield code="d">2025-07-30</subfield>
    <subfield code="e">53</subfield>
    <subfield code="g">525.00</subfield>
    <subfield code="l">2</subfield>
    <subfield code="m">3</subfield>
    <subfield code="o">621.381 HAR/D</subfield>
    <subfield code="p">TB12576</subfield>
    <subfield code="r">2026-05-08 17:59:14</subfield>
    <subfield code="s">2026-03-25</subfield>
    <subfield code="v">700.00</subfield>
    <subfield code="w">2025-07-30</subfield>
    <subfield code="y">TB</subfield>
  </datafield>
  <datafield tag="952" ind1=" " ind2=" ">
    <subfield code="0">0</subfield>
    <subfield code="1">0</subfield>
    <subfield code="2">ddc</subfield>
    <subfield code="4">0</subfield>
    <subfield code="7">0</subfield>
    <subfield code="8">SES</subfield>
    <subfield code="a">CLIITBBS</subfield>
    <subfield code="b">CLIITBBS</subfield>
    <subfield code="d">2025-07-30</subfield>
    <subfield code="e">53</subfield>
    <subfield code="g">525.00</subfield>
    <subfield code="l">2</subfield>
    <subfield code="m">3</subfield>
    <subfield code="o">621.381 HAR/D</subfield>
    <subfield code="p">TB12573</subfield>
    <subfield code="q">2026-06-14</subfield>
    <subfield code="r">2026-04-13 17:25:58</subfield>
    <subfield code="s">2026-04-13</subfield>
    <subfield code="v">700.00</subfield>
    <subfield code="w">2025-07-30</subfield>
    <subfield code="y">TB</subfield>
  </datafield>
  <datafield tag="952" ind1=" " ind2=" ">
    <subfield code="0">0</subfield>
    <subfield code="1">0</subfield>
    <subfield code="2">ddc</subfield>
    <subfield code="4">0</subfield>
    <subfield code="7">0</subfield>
    <subfield code="8">SES</subfield>
    <subfield code="a">CLIITBBS</subfield>
    <subfield code="b">CLIITBBS</subfield>
    <subfield code="d">2025-07-30</subfield>
    <subfield code="e">53</subfield>
    <subfield code="g">525.00</subfield>
    <subfield code="l">2</subfield>
    <subfield code="m">3</subfield>
    <subfield code="o">621.381 HAR/D</subfield>
    <subfield code="p">TB12578</subfield>
    <subfield code="q">2026-07-03</subfield>
    <subfield code="r">2026-05-02 18:54:40</subfield>
    <subfield code="s">2026-05-02</subfield>
    <subfield code="v">700.00</subfield>
    <subfield code="w">2025-07-30</subfield>
    <subfield code="y">TB</subfield>
  </datafield>
</record>
